Normal view
MARC view
- الأطفال المعوقون - رعاية وعلاج - خدمات اجتماعية
Entry Topical Term
001 - CONTROL NUMBER
- control field: 28649
003 - CONTROL NUMBER IDENTIFIER
- control field: JO-AjAnu
005 - DATE AND TIME OF LATEST TRANSACTION
- control field: 20230606074843.0
008 - FIXED-LENGTH DATA ELEMENTS
- fixed length control field: 230606|| aca||aabn | a|a d
040 ## - CATALOGING SOURCE
- Original cataloging agency: JO-AjAnu
- Transcribing agency: JO-AjAnu
150 ## - HEADING--TOPICAL TERM
- Topical term or geographic name entry element: الأطفال المعوقون - رعاية وعلاج - خدمات اجتماعية
670 ## - SOURCE DATA FOUND
- Source citation: Work cat.: (JO-AjAnu)14706: الخطيب، جمال / م.مشارك: منى الحديدي، عبدالعزيز السرطاوي, author 28648, إرشاد اسر الاطفال ذوي الحاجات الخاصة: قراءات حديثة